000 00687nam a2200193 a 4500
001 000013740
005 20200929163330.0
008 091130s1977 dr a r 000 0 spa d
040 _aDO-SdBNP
_bspa
_cBNPHU
082 _a581.659
_bJ58p
100 1 _aJesús Marcano, Eugenio de
_931187
245 1 0 _aPlantas venenosas en la República Dominicana /
_cEugenio de Jesús Marcano.
260 _aSanto Domingo :
_bGremio,
_c1977.
300 _a235 p. :
_bil. ;
_c21 cm.
490 1 _aPublicaciones de la Asociación Médica Dominicana
_v1
504 _aBibliografía : p. 187-189
650 4 _aPlantas venenosas
_931188
830 0 _aPublicaciones de la Asociación Médica Dominicana
_n1
_931189
999 _c13353
_d13353